Pravidlá športovej gymnastiky - muži platné od 1. januára 1985

Gespeichert in:
Bibliographische Detailangaben
Format: Buch
Sprache:Slowakisch
Veröffentlicht: Bratislava Šport 1986
Ausgabe:2. vyd.
Tags: Tag hinzufügen
Keine Tags, Fügen Sie das erste Tag hinzu!

MARC

LEADER 00000nam a2200000 4500
001 c036744
005 20250717113639.5
041 0 |a slo 
044 |a SK 
245 1 0 |a Pravidlá športovej gymnastiky - muži  |b platné od 1. januára 1985 
250 |a 2. vyd. 
264 1 |a Bratislava  |b Šport  |c 1986 
300 |a 193 s.